Szegedi szemle. - 3. évf (1930) 8. sz.
Elmentve itt :
| Dokumentumtípus: | Folyóirat |
|---|---|
| Megjelent: |
1930
|
| Sorozat: | Szegedi szemle
3 No. 8 |
| Online Access: | http://misc.bibl.u-szeged.hu/21429 |
| LEADER | 00492nas a2200145 i 4500 | ||
|---|---|---|---|
| 001 | misc21429 | ||
| 005 | 20191106142606.0 | ||
| 008 | 170630s1930 hu o 0|| zxx d | ||
| 040 | |a SZTE Miscellanea Repozitórium |b hun | ||
| 041 | |a zxx | ||
| 245 | 0 | 0 | |a Szegedi szemle. - 3. évf (1930) 8. sz. |h [elektronikus dokumentum] |
| 260 | |c 1930 | ||
| 490 | 0 | |a Szegedi szemle |v 3 No. 8 | |
| 561 | |a Szegedi helytörténeti dokumentumok | ||
| 856 | 4 | 0 | |u http://misc.bibl.u-szeged.hu/21429/1/szsz_1930_008.pdf |z Dokumentum-elérés |